| 000 | 01746cam a22003495i 4500 | ||
|---|---|---|---|
| 999 |
_c27886 _d27857 |
||
| 001 | 20149849 | ||
| 003 | EG-ScBUE | ||
| 005 | 20191127110246.0 | ||
| 008 | 171110t20182018nyu f b 001 0 eng d | ||
| 020 | _a9780231186278 | ||
| 035 | _a(DGU)ocm00000NEW | ||
| 040 |
_aDGU/DLC _beng _cDGU _erda _dDLC _dEG-ScBUE |
||
| 043 | _aa-jo--- | ||
| 082 | 0 | 4 |
_a320.95695 _bRYA _222 |
| 100 | 1 |
_aRyan, Curtis R., _eauthor. |
|
| 245 | 1 | 0 |
_aJordan and the Arab uprisings : _bregime survival and politics beyond the state / _cCurtis R. Ryan. |
| 264 | 1 |
_aNew York : _bColumbia University Press, _c[2018] |
|
| 264 | 4 | _cc2018 | |
| 300 |
_axiv, 282 pages ; _c23 cm |
||
| 336 |
_atext _btxt _2rdacontent |
||
| 337 |
_aunmediated _bn _2rdamedia |
||
| 338 |
_avolume _bnc _2rdacarrier |
||
| 490 | 0 | _aColumbia studies in Middle East politics | |
| 504 | _aIncludes bibliographical references and index. | ||
| 505 | 0 | _aContinuity and change amidst the Arab uprisings -- The 'Arab Spring' in Jordan -- Political parties and the 'traditional' opposition -- The Hirak and changes in political activism -- Identity politics : real and imagined -- Struggles over elections and electoral systems -- Rebooting reform -- War, refugees, and regional insecurity -- Jordanian politics beyond the Arab uprisings. | |
| 520 | _aDrawing upon years of fieldwork and unique access to major political figures in Jordan, Curtis Ryan unravels the unusual case of Jordan during the Arab Spring, where the country managed to avoid political upheaval amidst both regional and internal unrest. | ||
| 650 | 7 |
_aArab Spring, 2010- _2BUEsh |
|
| 651 | 7 |
_aJordan _xPolitics and government _y1999- _2BUEsh |
|
| 653 |
_bMASPPSS _bBUSBOL _cNovember2019 |
||
| 655 | _vReading book | ||
| 942 |
_2ddc _cBB |
||